000 00408nam a2200133Ia 4500
008 151001s9999||||xx |||||||||||||| ||und||
100 _aविद्याधर - भागवत
245 _aप्रस्थान व योगी
250 _a3
260 _bदिव्यदीप प्रकाशन सावंतवाडी
260 _c1998
300 _a337
365 _b21
999 _c975475
_d975472